000 00530nmm a2200169Ia 4500
008 251105s9999||||xx |||||||||||||||||und||
020 _a9788433916525
041 _aspa
100 _aNavarra, Andreu
245 0 _aProhibido aprender :
_b Un recorrido por las leyes de educación de la democracia
264 _a[Madrid, España] :
_bEditorial Anagrama,
_c2021
300 _a105 páginas
490 _aNuevos cuadernos Anagrama
650 _aEducation
856 _uhttps://public.digitaliapublishing.com/a/82515
942 _cCF
999 _c81718
_d81718